[Event "Collado Villalba op-B 35th"]
[Site "Collado Villalba"]
[Date "2018.08.30"]
[Round "7"]
[White "Llanas Del Hoyo, Andres"]
[Black "Pardo Robles, Jose Manuel"]
[Result "0-1"]
[WhiteElo "1509"]
[BlackElo "1795"]
[PlyCount "60"]
[EventDate "2018.08.24"]
[EventType "swiss"]
[EventRounds "9"]
[EventCountry "ESP"]
[SourceTitle "CBM 186 Extra"]
[Source "ChessBase"]
[SourceDate "2018.08.24"]
[SourceVersion "1"]
[SourceVersionDate "2018.08.24"]
[SourceQuality "1"]

1. f4 d5 2. e3 c5 3. b3 Nc6 4. Bb2 e6 5. Nf3 Nf6 6. d3 b5 7. Nbd2 Be7 8. a3 Bb7 9. d4 c4 10. b4 0-0 11. g3 Qc7 12. Bg2 Nxb4 13. Bc3 Nc6 14. Ne5 Nd7 15. 0-0 Nb6 16. Nxc6 Bxc6 17. Ba5 Qb7 18. c3 Nc8 19. f5 exf5 20. Rxf5 Nd6 21. Rh5 g6 22. Rh3 Bg5 23. Qf3 f5 24. Bb4 Rf6 25. Bxd6 Rxd6 26. Nf1 Re6 27. g4 Rf8 28. gxf5 Rxf5 29. Qg4 Qf7 30. Kh1 h5 0-1

[Event "Madrid-ch Previa-A"]
[Site "Madrid"]
[Date "2010.11.25"]
[Round "9"]
[White "Fernandez Garcia, Ignacio"]
[Black "Pardo Robles, Jose Manuel"]
[Result "1/2-1/2"]
[WhiteElo "1948"]
[BlackElo "1871"]
[PlyCount "81"]
[EventDate "2010.11.10"]
[EventType "swiss"]
[EventRounds "9"]
[EventCountry "ESP"]
[SourceTitle "EXT 2012"]
[Source "ChessBase"]
[SourceDate "2011.11.24"]
[SourceVersion "1"]
[SourceVersionDate "2011.11.24"]
[SourceQuality "1"]

1. e4 c5 2. Nc3 Nc6 3. Bc4 e6 4. Nf3 d6 5. 0-0 Be7 6. a4 a6 7. d3 Bd7 8. Ba2 Nf6 9. Ne2 0-0 10. c3 b5 11. Bb3 b4 12. Bd2 Rb8 13. Ng3 Na5 14. Bc2 b3 15. Bb1 e5 16. h3 Qc7 17. Bg5 Be6 18. Nh4 Ne8 19. Bxe7 Qxe7 20. Nhf5 Bxf5 21. Nxf5 Qf6 22. f4 g6 23. fxe5 Qxe5 24. Nh6+ Kg7 25. Ng4 Qg5 26. d4 h5 27. Nh2 Nc4 28. dxc5 dxc5 29. Re1 Nc7 30. Nf3 Qf4 31. e5 Rfd8 32. Qe2 Ne6 33. Be4 Nxe5 34. Nxe5 Qxe5 35. Qxa6 Qf4 36. Re2 Rd6 37. Qc4 Qg3 38. Rae1 Nf4 39. Re3 Nxh3+ 40. Kh1 Nf2+ 41. Kg1 1/2-1/2

[Event "Collado Villalba op-A 27th"]
[Site "Collado Villalba"]
[Date "2010.08.25"]
[Round "6"]
[White "Barahona Torrijos, Angel"]
[Black "Pardo Robles, Jose Manuel"]
[Result "1-0"]
[WhiteElo "1927"]
[BlackElo "1874"]
[PlyCount "119"]
[EventDate "2010.08.20"]
[EventType "swiss"]
[EventRounds "10"]
[EventCountry "ESP"]
[SourceTitle "CBM 138 Extra"]
[Source "ChessBase"]
[SourceDate "2010.10.29"]
[SourceVersion "1"]
[SourceVersionDate "2010.10.29"]
[SourceQuality "1"]

1. d4 Nf6 2. Nf3 g6 3. Bg5 Bg7 4. Nbd2 d5 5. e3 h6 6. Bh4 g5 7. Bg3 Bf5 8. c4 c6 9. Qb3 Qb6 10. Qxb6 axb6 11. a3 0-0 12. cxd5 cxd5 13. Rc1 Na6 14. Bb5 Rfc8 15. 0-0 Bd7 16. Bd3 Nh5 17. Ne5 Bxe5 18. Bxe5 f6 19. Bg3 Nxg3 20. hxg3 Rc6 21. e4 Nc7 22. f4 Rc8 23. Rxc6 bxc6 24. b4 dxe4 25. Nxe4 Kg7 26. Nc3 Nd5 27. Rc1 Nxc3 28. Rxc3 Rd8 29. Be4 Rc8 30. a4 f5 31. Bc2 Kf6 32. Bb3 e6 33. Bd1 Ke7 34. fxg5 hxg5 35. g4 Kd6 36. Bf3 Ra8 37. Ra3 Ra7 38. a5 bxa5 39. bxa5 e5 40. dxe5+ Kxe5 41. a6 fxg4 42. Be2 c5 43. Kf2 Bc8 44. Kg3 Kd4 45. Rd3+ Ke4 46. Rd6 Ke5 47. Rc6 Bd7 48. Rxc5+ Kf6 49. Rd5 Bc8 50. Rd6+ Ke5 51. Rg6 Kd4 52. Rxg5 Ke3 53. Re5+ Kd4 54. Ra5 Ra8 55. a7 Bd7 56. Bxg4 Bxg4 57. Kxg4 Rg8+ 58. Kf4 Rf8+ 59. Rf5 Ra8 60. Rf7 1-0

[Event "ESP-ch Veterans"]
[Site "Madrid"]
[Date "2010.02.09"]
[Round "2"]
[White "Pardo Robles, Jose Manuel"]
[Black "Lorite Cruz, Francisco"]
[Result "0-1"]
[WhiteElo "1888"]
[BlackElo "2073"]
[PlyCount "90"]
[EventDate "2010.02.08"]
[EventType "swiss"]
[EventRounds "9"]
[EventCountry "ESP"]
[SourceTitle "CBM 134 Extra"]
[Source "ChessBase"]
[SourceDate "2010.03.03"]
[SourceVersion "1"]
[SourceVersionDate "2010.03.03"]
[SourceQuality "1"]

1. d4 Nf6 2. c4 e5 3. dxe5 Ng4 4. Nf3 Bc5 5. e3 Nc6 6. Nc3 Ngxe5 7. Be2 Nxf3+ 8. Bxf3 Ne5 9. Be2 0-0 10. 0-0 Re8 11. b3 a5 12. Bb2 Ra6 13. Ne4 Ba7 14. c5 Rg6 15. Ng3 Bxc5 16. Bh5 Rd6 17. Qe2 Rc6 18. Qd2 Rh6 19. Qd5 d6 20. Bxe5 Rxe5 21. Qxf7+ Kh8 22. Rad1 Be6 23. Qf4 Rexh5 24. Nxh5 Rxh5 25. Qf3 Qh4 26. Qf8+ Bg8 27. h3 Qg5 28. Kh1 b5 29. e4 Qe5 30. Rde1 Qe6 31. Kh2 Rh6 32. f4 Bb4 33. Re2 d5 34. Qa8 c6 35. e5 Qf5 36. Qa7 g5 37. e6 Bxe6 38. Kg1 gxf4 39. Qb8+ Bg8 40. Rxf4 Bc5+ 41. Kf1 Qb1+ 42. Re1 Qd3+ 43. Re2 Re6 44. Rff2 Bxf2 45. Kxf2 Rxe2+ 0-1

[Event "Madrid-ch Seniors 0809"]
[Site "Madrid"]
[Date "2009.02.12"]
[Round "4"]
[White "Rodriguez Bachiller, Luis"]
[Black "Pardo Robles, Jose Manuel"]
[Result "1-0"]
[WhiteElo "1888"]
[BlackElo "1946"]
[PlyCount "87"]
[EventDate "2009.02.09"]
[EventType "swiss"]
[EventRounds "9"]
[EventCountry "ESP"]
[SourceTitle "CBM 128 Extra"]
[Source "ChessBase"]
[SourceDate "2009.03.05"]
[SourceVersion "2"]
[SourceVersionDate "2009.03.25"]
[SourceQuality "1"]

1. e4 c5 2. Nf3 d6 3. d4 cxd4 4. Nxd4 Nf6 5. Nc3 g6 6. Be3 Bg7 7. f3 0-0 8. Bc4 Nc6 9. Qd2 Bd7 10. 0-0-0 Rc8 11. Bb3 Ne5 12. g4 Nc4 13. Bxc4 Rxc4 14. h4 h5 15. gxh5 Nxh5 16. Nd5 e6 17. Nc3 Qa5 18. Kb1 b5 19. Ncxb5 Qa6 20. Na3 Ra4 21. Qd3 Qb7 22. Nb3 d5 23. exd5 exd5 24. Bd4 Bxd4 25. Nxd4 Rb8 26. Nb3 d4 27. Ka1 Bf5 28. Qd2 Kh7 29. Rhe1 a5 30. Qc1 Qb6 31. Re5 Rxa3 32. bxa3 a4 33. Rxf5 gxf5 34. Nxd4 Qf6 35. c3 Ng3 36. Qc2 Kh6 37. Qxa4 Rc8 38. Qb4 Qe5 39. a4 f4 40. Nb5 Kh5 41. Qd4 Qe2 42. Qd3 Kxh4 43. Qh7+ Kg5 44. Qg7+ 1-0

[Event "Madrid-ch sf-A"]
[Site "Madrid"]
[Date "2009.01.28"]
[Round "9"]
[White "Perez Cameselle, Francisco Jose"]
[Black "Pardo Robles, Jose Manuel"]
[Result "1/2-1/2"]
[WhiteElo "1996"]
[BlackElo "1946"]
[PlyCount "94"]
[EventDate "2009.01.12"]
[EventType "swiss"]
[EventRounds "9"]
[EventCountry "ESP"]
[SourceTitle "CBM 128 Extra"]
[Source "ChessBase"]
[SourceDate "2009.03.05"]
[SourceVersion "2"]
[SourceVersionDate "2009.03.25"]
[SourceQuality "1"]

1. Nf3 Nf6 2. g3 g6 3. Bg2 Bg7 4. 0-0 0-0 5. d3 d5 6. Nbd2 c6 7. e4 dxe4 8. dxe4 Nbd7 9. Qe2 e5 10. Nc4 Qc7 11. a4 b5 12. axb5 cxb5 13. Na3 b4 14. Nc4 a5 15. Rd1 Ba6 16. Nfd2 Nb6 17. Bf1 Rfd8 18. b3 Nxc4 19. bxc4 Bh6 20. f3 Rd4 21. Bb2 Rxd2 22. Rxd2 Bxd2 23. Qxd2 Bxc4 24. Bxc4 Qxc4 25. Rxa5 Rxa5 26. Qd8+ Kg7 27. Qxa5 Nd7 28. Bxe5+ f6 29. Qc7 Qxc7 30. Bxc7 Nc5 31. Kf2 b3 32. cxb3 Nxb3 33. Ke3 Nc5 34. f4 Kf7 35. f5 Ke7 36. Kd4 Nb3+ 37. Kd5 Nd2 38. fxg6 hxg6 39. h4 Nf1 40. Bf4 Kf7 41. g4 g5 42. hxg5 fxg5 43. Bxg5 Nh2 44. e5 Nxg4 45. e6+ Ke8 46. Ke4 Nf2+ 47. Kf5 Nd3 1/2-1/2

[Event "Madrid-ch sf-A"]
[Site "Madrid"]
[Date "2009.01.27"]
[Round "8"]
[White "Pardo Robles, Jose Manuel"]
[Black "Lopez Andujar Ocana, Antonio"]
[Result "0-1"]
[WhiteElo "1946"]
[BlackElo "2137"]
[PlyCount "63"]
[EventDate "2009.01.12"]
[EventType "swiss"]
[EventRounds "9"]
[EventCountry "ESP"]
[SourceTitle "CBM 128 Extra"]
[Source "ChessBase"]
[SourceDate "2009.03.05"]
[SourceVersion "2"]
[SourceVersionDate "2009.03.25"]
[SourceQuality "1"]

1. d4 Nf6 2. c4 e6 3. Nf3 c5 4. Nc3 cxd4 5. Nxd4 Nc6 6. g3 Qb6 7. Ndb5 d5 8. cxd5 Bc5 9. e3 exd5 10. Nxd5 Nxd5 11. Qxd5 0-0 12. Nc3 Nb4 13. Qe4 Bd7 14. Bd3 g6 15. Qc4 Be6 16. Qb5 Qxb5 17. Bxb5 Nc2+ 18. Ke2 Nxa1 19. Bd2 Nc2 20. a3 a6 21. Bd3 Nxa3 22. bxa3 Bxa3 23. Rb1 b5 24. Ne4 Be7 25. Bc3 f5 26. Nd2 Bf6 27. Bxf6 Rxf6 28. Nf3 Rff8 29. Nd4 Bc4 30. Bxc4+ bxc4 31. Rb7 a5 32. Kd2 0-1

[Event "Madrid-ch sf-A"]
[Site "Madrid"]
[Date "2009.01.13"]
[Round "2"]
[White "Ciuro Munoz, Ricardo"]
[Black "Pardo Robles, Jose Manuel"]
[Result "1-0"]
[WhiteElo "2071"]
[BlackElo "1946"]
[PlyCount "79"]
[EventDate "2009.01.12"]
[EventType "swiss"]
[EventRounds "9"]
[EventCountry "ESP"]
[SourceTitle "CBM 128 Extra"]
[Source "ChessBase"]
[SourceDate "2009.03.05"]
[SourceVersion "2"]
[SourceVersionDate "2009.03.25"]
[SourceQuality "1"]

1. e4 c5 2. Nf3 d6 3. d4 cxd4 4. Nxd4 Nf6 5. Nc3 g6 6. Be3 Bg7 7. f3 0-0 8. Qd2 Nc6 9. Bc4 Bd7 10. 0-0-0 Rc8 11. Bb3 Ne5 12. Kb1 Nc4 13. Bxc4 Rxc4 14. g4 a6 15. h4 b5 16. h5 b4 17. Nce2 a5 18. hxg6 fxg6 19. Bh6 Rf7 20. Bxg7 Rxg7 21. g5 Nh5 22. Nf5 Be6 23. Nxg7 Kxg7 24. Nf4 Nxf4 25. Qxf4 Qc8 26. Qh2 Bg8 27. Rd2 a4 28. e5 Qe6 29. b3 axb3 30. axb3 Rc6 31. exd6 Rxd6 32. Rxd6 exd6 33. Qf4 Qe7 34. Rd1 d5 35. Qd4+ Kf8 36. f4 Bf7 37. Kb2 Qe4 38. Qxe4 dxe4 39. Rd4 e3 40. Re4 1-0

[Event "Madrid-ch Previa-A"]
[Site "Madrid"]
[Date "2008.11.04"]
[Round "2"]
[White "Pardo Robles, Jose Manuel"]
[Black "Cano Cabanillas, Javier"]
[Result "1-0"]
[WhiteElo "1941"]
[BlackElo "2044"]
[PlyCount "57"]
[EventDate "2008.11.03"]
[EventType "swiss"]
[EventRounds "9"]
[EventCountry "ESP"]
[SourceTitle "CBM 127 Extra"]
[Source "ChessBase"]
[SourceDate "2009.01.08"]
[SourceVersion "2"]
[SourceVersionDate "2009.01.28"]
[SourceQuality "1"]

1. e4 e6 2. d4 d5 3. Nc3 Nf6 4. Bg5 Bb4 5. e5 h6 6. Bd2 Bxc3 7. bxc3 Ne4 8. Nf3 c5 9. Be2 Nc6 10. 0-0 Nxd2 11. Qxd2 Qa5 12. Rfd1 b6 13. Qe3 0-0 14. h4 Ba6 15. Bxa6 Qxa6 16. dxc5 bxc5 17. Qxc5 Rfc8 18. Qe3 Rab8 19. Qd3 Qa5 20. a4 Ne7 21. Ra3 Rc4 22. Qe3 Nf5 23. Qc1 Nxh4 24. Nxh4 Rxh4 25. Rd4 Rxd4 26. cxd4 Rb4 27. Qa1 Qb6 28. a5 Qxd4 29. c3 1-0

[Event "Collado Villalba op 24th"]
[Site "Collado Villalba"]
[Date "2007.08.28"]
[Round "6"]
[White "Ramos Aldoradin, John Paul"]
[Black "Pardo Robles, Jose Manuel"]
[Result "1-0"]
[WhiteElo "2129"]
[BlackElo "2005"]
[PlyCount "99"]
[EventDate "2007.08.23"]
[EventType "swiss"]
[EventRounds "9"]
[EventCountry "ESP"]
[SourceTitle "EXT 2008"]
[Source "ChessBase"]
[SourceDate "2007.11.25"]
[SourceVersion "1"]
[SourceVersionDate "2007.11.25"]
[SourceQuality "1"]

1. Nf3 Nf6 2. d3 g6 3. g3 Bg7 4. Bg2 c5 5. 0-0 0-0 6. c4 d5 7. cxd5 Nxd5 8. Nc3 Nc6 9. Bd2 Re8 10. Rc1 Nxc3 11. Bxc3 Nd4 12. Nd2 Rb8 13. e3 Ne6 14. Bxg7 Kxg7 15. Nb3 b6 16. d4 cxd4 17. exd4 Bb7 18. d5 Nc7 19. Qd4+ Kg8 20. Rfd1 Nb5 21. Qf4 Qd6 22. Qxd6 Nxd6 23. Nd4 Rbc8 24. Rxc8 Rxc8 25. Nc6 Bxc6 26. dxc6 b5 27. Kf1 Kf8 28. Ke2 Ke8 29. Kd3 Kd8 30. Kd4 Kc7 31. Kc5 Rb8 32. b4 h5 33. Rd3 Rc8 34. Ra3 Kb8 35. Bf1 Nb7+ 36. Kxb5 Nd6+ 37. Kc5 Nb7+ 38. Kd5 e6+ 39. Ke5 Rxc6 40. Bg2 Rb6 41. Bxb7 Rb5+ 42. Kf6 Rf5+ 43. Kg7 Kxb7 44. f4 h4 45. Ra5 hxg3 46. hxg3 Rd5 47. Kxf7 Rd3 48. Rg5 Ra3 49. Rxg6 Rxa2 50. Rxe6 1-0

[Event "Collado Villalba op 24th"]
[Site "Collado Villalba"]
[Date "2007.08.23"]
[Round "1"]
[White "Saldano Dayer, Horacio"]
[Black "Pardo Robles, Jose Manuel"]
[Result "1-0"]
[WhiteElo "2451"]
[BlackElo "2005"]
[PlyCount "65"]
[EventDate "2007.08.23"]
[EventType "swiss"]
[EventRounds "9"]
[EventCountry "ESP"]
[SourceTitle "EXT 2008"]
[Source "ChessBase"]
[SourceDate "2007.11.25"]
[SourceVersion "1"]
[SourceVersionDate "2007.11.25"]
[SourceQuality "1"]

1. e4 c5 2. Nf3 d6 3. d4 cxd4 4. Nxd4 Nf6 5. Nc3 g6 6. Be3 Bg7 7. f3 0-0 8. Qd2 Nc6 9. Bc4 Bd7 10. 0-0-0 Rc8 11. Bb3 Ne5 12. Kb1 Nc4 13. Bxc4 Rxc4 14. g4 a6 15. b3 Rc8 16. Nd5 e6 17. Nxf6+ Qxf6 18. h4 Bc6 19. h5 d5 20. hxg6 Qxg6 21. Bh6 dxe4 22. Bxg7 Kxg7 23. Nf5+ exf5 24. gxf5 Qxf5 25. Rdg1+ Kh8 26. Rg5 Qxg5 27. Qxg5 f6 28. Qf5 Rc7 29. fxe4 Re7 30. Rh4 Rff7 31. Kb2 Re5 32. Rxh7+ Rxh7 33. Qxf6+ 1-0

[Event "Madrid-ch sf-A"]
[Site "Madrid"]
[Date "2007.01.23"]
[Round "8"]
[White "Algaba Traspuesto, Jose Antonio"]
[Black "Pardo Robles, Jose Manuel"]
[Result "1/2-1/2"]
[WhiteElo "1825"]
[BlackElo "2032"]
[PlyCount "61"]
[EventDate "2007.01.08"]
[EventType "swiss"]
[EventRounds "9"]
[EventCountry "ESP"]
[SourceTitle "EXT 2008"]
[Source "ChessBase"]
[SourceDate "2007.11.25"]
[SourceVersion "1"]
[SourceVersionDate "2007.11.25"]
[SourceQuality "1"]

1. c4 Nf6 2. Nc3 g6 3. g3 Bg7 4. Bg2 0-0 5. Nf3 d6 6. 0-0 e5 7. d3 Na6 8. Bg5 h6 9. Bxf6 Qxf6 10. Nd5 Qd8 11. Rb1 c6 12. Nc3 Be6 13. e4 Nc7 14. Nd2 Qd7 15. f4 exf4 16. gxf4 Bd4+ 17. Kh1 Bg4 18. Qe1 Bh3 19. Qg3 Bxg2+ 20. Qxg2 Kh7 21. Ne2 Be3 22. Ng3 h5 23. f5 Rh8 24. Rf3 Bh6 25. Rbf1 Rhf8 26. R1f2 h4 27. Ngf1 g5 28. Ne3 f6 29. Ng4 Rf7 30. Rh3 Bg7 31. Nf3 1/2-1/2

[Event "Madrid-ch sf-A"]
[Site "Madrid"]
[Date "2007.01.17"]
[Round "6"]
[White "Garcia Gonzalez, Pedro A"]
[Black "Pardo Robles, Jose Manuel"]
[Result "0-1"]
[WhiteElo "2001"]
[BlackElo "2032"]
[PlyCount "72"]
[EventDate "2007.01.08"]
[EventType "swiss"]
[EventRounds "9"]
[EventCountry "ESP"]
[SourceTitle "EXT 2008"]
[Source "ChessBase"]
[SourceDate "2007.11.25"]
[SourceVersion "1"]
[SourceVersionDate "2007.11.25"]
[SourceQuality "1"]

1. e4 c5 2. Nc3 Nc6 3. g3 g6 4. Bg2 Bg7 5. d3 e6 6. Be3 d6 7. Qd2 Nge7 8. Nge2 Rb8 9. 0-0 Bd7 10. f4 Nd4 11. Nd1 0-0 12. c3 Nxe2+ 13. Qxe2 Nc6 14. Bf2 Qc7 15. Ne3 b5 16. a3 a5 17. Rfc1 b4 18. axb4 axb4 19. Qc2 bxc3 20. bxc3 Rb7 21. Nd1 Na5 22. Ra3 c4 23. d4 Rfb8 24. Qa2 Rb5 25. Bf3 d5 26. Ra1 Nb3 27. Ra7 Qc8 28. Rb1 Nxd4 29. cxd4 Rxb1 30. exd5 exd5 31. Qa5 Bg4 32. Qxd5 Be6 33. Qa5 c3 34. Rc7 Qd8 35. Qxc3 R1b3 36. Qc6 Bxd4 0-1